000 00547nam a2200169 a 4500
001 000042622
005 20201002040259.0
008 140203s1998 sp abf 000 0 spa d
040 _aDO-SdBNP
_bspa
_cBNPHU
245 0 0 _aAtlas Mundial. /
_ceditado por, Miguel Yuste; traducción, Grijalbo Mondadori.
260 _aBarcelona, :
_bEl Pais,
_c1998.
300 _a360 p. :
_bil., mapa, lam.
546 _adorling kindesley world atlas
500 _aIncluye glosario
700 1 _aYuste, Miguel
_eed.
_969881
710 2 _aGrijalbo Modadori
_etrad.
_969882
999 _c42111
_d42111